000 00872cab a2200241 4500
001 WB3510-08
008 090401t1999 xxu||||| |||| 00| 0 eng d
035 _a(Sirsi) u92009
041 _aeng
245 _aRefurbishment costs
260 _c1999
350 _a0
490 _aCSM
_bChartered Surveyor Monthly
_v8 (7) March 1999, 8(1)
520 _aA study by Building Maintenance Information (BMI) shows that refurbishment of existing buildings costs about two-thirds of the equivalent new building. The actual proportion varies according to type of building, from 56% for bank branches to 80% for flats. Table.
650 _aBMI
650 _aBUILT ENVIRONMENT-BUILDING COSTS
650 _aCOMPARISONS
650 _aREFURBISHMENT COSTS
650 _aREHABILITATION COSTS
690 _aBUILT ENVIRONMENT-BUILDING COSTS
942 _n0
948 _c11/03/1999
999 _c58347
_d58347